Skip to content
Inicio
Centros participantes
Catálogo
Servicios
Contacto
Login
English
Deutsch
Español
Français
Italiano
日本語
Nederlands
Português
Português (Brasil)
中文(简体)
中文(繁體)
Türkçe
עברית
Gaeilge
Cymraeg
Ελληνικά
Català
Euskara
Русский
Čeština
Suomi
Svenska
polski
Dansk
slovenščina
اللغة العربية
বাংলা
Galego
Tiếng Việt
Hrvatski
हिंदी
Հայերէն
Українська
Sámegiella
Language
All Fields
Title
Author
Subject
Call Number
ISBN/ISSN
Tag
Find
Advanced
Conclusiones y recomendaciones...
Cite this
Email this
Print
Export Record
Export to RefWorks
Export to EndNoteWeb
Export to EndNote
Save to List
Permanent link
Add first rating
Conclusiones y recomendaciones del primer seminario sobre la industria de la construcción
Saved in:
Bibliographic Details
Corporate Author:
Costa Rica. Oficina de Planificación Nacional y Política Económica
Format:
Text
Published:
San José:
OFIPLAN
Tags:
Add Tag
No Tags, Be the first to tag this record!
Holdings
Description
Comments
Similar Items
Staff View
MARC
LEADER
00000 a a2200000 04500
001
17415
003
040
090
|a
020100
110
|a
Costa Rica. Oficina de Planificación Nacional y Política Económica
245
|a
Conclusiones y recomendaciones del primer seminario sobre la industria de la construcción
260
|a
San José:
|b
OFIPLAN
300
|a
14 p.
999
|c
2919
|d
2919
Similar Items
Estado actual de la industria de la construcción
Empleo en el sector construcción. Perspectivas del empleo en la construcción para el período 1975-1980 en Costa Rica
Características de la región y programa global de desarrollo (informe resumido)
Las Relaciones entre el gobierno central y empresas públicas: planteamiento del problema
by: Boneo, Horacio
Datos generales, introducción a los inventarios e inventario de los recursos naturales de la península de Nicoya: cantones de Carrillo, Santa Cruz, Nicoya y Nandayure de Guanacaste; distritos de Lepanto y Paquera de Puntarenas / Pedro Tirado Sulsona
by: Tirado Sulsona, Pedro